000 00450nmm a2200157Ia 4500
008 251105s9999||||xx |||||||||||||||||und||
020 _a9788497885379
041 _aspa
100 _aSoriano Mas, Carles
245 0 _aFundamentos de neurociencia
264 _a[Madrid, España] :
_bUniversitat Oberta de Catalunya,
_c2007
300 _a478 páginas
650 _aMedicine
856 _uhttps://public.digitaliapublishing.com/a/1031
942 _cCF
999 _c90682
_d90682